000 00309nam a2200097Ia 4500
082 _aAF|LANG
245 0 _aHerrie op die ou tremspoor
100 _a Langenhoven, Cornelis Jakob. , 1873-1932 Pretoria, 2009 2de sagtebanduitgawe
_970912
942 _cBK
008 210817s9999 xx 000 0 und d
999 _c230480
_d230481